Negociación sin punto de referencia
Guardado en:
| Autor principal: | |
|---|---|
| Otros Autores: | |
| Formato: | Desconocido |
| Aporte de: | Registro referencial: Solicitar el recurso aquí |
| LEADER | 00380 a2200121 4500 | ||
|---|---|---|---|
| 001 | ART_7992 | ||
| 005 | 20260410161556.0 | ||
| 008 | 260409a | ||
| 245 | 1 | 0 | |a Negociación sin punto de referencia |
| 100 | 1 | |a Martín, Miguel Angel | |
| 700 | 1 | |a Vecchiarelli, María de los Ángeles | |
| 773 | 0 | |t Profesional & Empresaria |g - Año XI, Nº 121 (oct. 2009) |w REV70 | |
| 999 | |c 9262 |d 9262 | ||